000 00224nam a2200097Ia 4500
008 240331s9999 xx 000 0 und d
082 _bSOC
100 _aLorber, J. ed
245 4 _aThe social construction of gender
942 _cL
999 _c2195
_d2195